Aspects et profil de la culture romane en Belgique / (رقم التسجيلة. 136233)

تفاصيل مارك
000 -LEADER
fixed length control field 01022cam a2200313 i 4500
008 - FIXED-LENGTH DATA ELEMENTS--GENERAL INFORMATION
fixed length control field 800313s1979 be b 000 0 fre
010 ## - LIBRARY OF CONGRESS CONTROL NUMBER
LC control number 80464322
040 ## - CATALOGING SOURCE
Original cataloging agency DLC
Transcribing agency DLC
Modifying agency DLC
043 ## - GEOGRAPHIC AREA CODE
Geographic area code e-be---
050 00 - LIBRARY OF CONGRESS CALL NUMBER
Classification number PC3581
Item number .P5
082 00 - DEWEY DECIMAL CLASSIFICATION NUMBER
Classification number 440.9493
092 04 - LOCALLY ASSIGNED DEWEY CALL NUMBER (OCLC)
Classification number 440.9493
Item number P672
Edition number 21
099 ## - LOCAL FREE-TEXT CALL NUMBER (OCLC)
Classification number 04
-- 440.9493 P672
100 1# - MAIN ENTRY--PERSONAL NAME
Personal name Piron, Maurice,
Dates associated with a name 1914-1986.
245 10 - TITLE STATEMENT
Title Aspects et profil de la culture romane en Belgique /
Statement of responsibility, etc. Maurice Piron.
260 ## - PUBLICATION, DISTRIBUTION, ETC.
Place of publication, distribution, etc. Liege :
Name of publisher, distributor, etc. Sciences et lettres,
Date of publication, distribution, etc. 1979.
300 ## - PHYSICAL DESCRIPTION
Extent 167 p. ;
Dimensions 25 cm.
500 ## - GENERAL NOTE
General note Revised version of previously published articles.
504 ## - BIBLIOGRAPHY, ETC. NOTE
Bibliography, etc. note Includes bibliographical references.
650 #0 - SUBJECT ADDED ENTRY--TOPICAL TERM
Topical term or geographic name entry element Belgian literature (French)
General subdivision History and criticism.
650 #0 - SUBJECT ADDED ENTRY--TOPICAL TERM
Topical term or geographic name entry element French language
Geographic subdivision Belgium.
650 #0 - SUBJECT ADDED ENTRY--TOPICAL TERM
Topical term or geographic name entry element Walloon dialect.
650 #0 - SUBJECT ADDED ENTRY--TOPICAL TERM
Topical term or geographic name entry element Walloon literature
General subdivision History and criticism.
902 ## - LOCAL DATA ELEMENT B, LDB (RLIN)
No. of Items 1
905 ## - LOCAL DATA ELEMENT E, LDE (RLIN)
Cataloger Eman
Reviser Rev.
905 ## - LOCAL DATA ELEMENT E, LDE (RLIN)
Cataloger Jamal
Reviser Cat.
942 ## - ADDED ENTRY ELEMENTS (KOHA)
Source of classification or shelving scheme Dewey Decimal Classification
Koha item type Books
المقتنيات
Source of classification or shelving scheme Not for loan Home library Current library Date acquired Full call number Barcode Date last seen Copy number Koha item type
Dewey Decimal Classification   المكتبة المركزبة الجديدة - جامعة القاهرة قاعة الثقاقات الاجنبية - الدور الثالث 11.02.2024 440.9493 P672 Fre. 01000110199050000 05.07.2024 C.1 Books
Cairo University Libraries Portal Implemented & Customized by: Eng. M. Mohamady Contacts: new-lib@cl.cu.edu.eg | cnul@cl.cu.edu.eg
CUCL logo CNUL logo
© All rights reserved — Cairo University Libraries
CUCL logo
Implemented & Customized by: Eng. M. Mohamady Contact: new-lib@cl.cu.edu.eg © All rights reserved — New Central Library
CNUL logo
Implemented & Customized by: Eng. M. Mohamady Contact: cnul@cl.cu.edu.eg © All rights reserved — Cairo National University Library